Worth It - Fifth Harmony Feat. Kid Ink - All Lyrics - Statistics

General Stats
  • This quiz has been taken 17 times
  • The average score is 551 of 597
Answer Stats
Answer % Correct
a
100%
and
100%
And
100%
do
100%
do?
100%
don't
100%
Gimme,
100%
gimme,
100%
gimme
100%
Give
100%
give
100%
got
100%
I
100%
I'm
100%
I'ma
100%
it
100%
it,
100%
Just
100%
just
100%
love
100%
me,
100%
me
100%
my
100%
"Ooh,
100%
show
100%
style"
100%
that
100%
time
100%
to
100%
(Uh),
100%
Uh,
100%
Uh-huh,
100%
Uh-huh
100%
wanna
100%
What
100%
what
100%
worth
100%
you
100%
you,
100%
your
100%
Baby,
93%
Baby
93%
Come
93%
in
93%
it's
93%
It's
93%
like
93%
Like,
93%
so
93%
the
93%
up
93%
up,
93%
waste
93%
all
87%
back
87%
Hurry
87%
know
87%
make
87%
now
87%
on
87%
see
87%
while
87%
with
87%
With
87%
can
80%
'Cause
80%
fo'?
80%
if
80%
If
80%
of
80%
some
80%
spot
80%
that's
80%
but
73%
club
73%
for?
73%
is
73%
Not
73%
say
73%
true
73%
true,
73%
bluff
67%
bring
67%
Bring
67%
call
67%
clue
67%
clue,
67%
have
67%
her
67%
I'll
67%
lights
67%
shy
67%
Stop
67%
tell
67%
think
67%
actin'
60%
because
60%
front
60%
left
60%
off
60%
out
60%
she
60%
too
60%
enough
53%
how
53%
lot
53%
much,
53%
playin',
53%
rough
53%
stuff
53%
little
47%
may
47%
Okay,
47%
they
47%
waitin'
47%
Guaranteed
40%
maybe
40%
might
40%
soft,
40%
soft
40%
harder
33%
talk
27%
No matching quizzes found
Score Distribution
Percent of People with Each Score
Percentile by Number Answered
Your Score History
You have not taken this quiz